<?xml version="1.0" encoding="UTF-8"?>
<collection xmlns="http://www.loc.gov/MARC21/slim">
<record>
  <controlfield tag="001">155312</controlfield>
  <controlfield tag="005">20250516084456.0</controlfield>
  <datafield tag="037" ind1=" " ind2=" ">
    <subfield code="a">TAZ-TFG-2023-364</subfield>
  </datafield>
  <datafield tag="041" ind1=" " ind2=" ">
    <subfield code="a">spa</subfield>
  </datafield>
  <datafield tag="100" ind1="1" ind2=" ">
    <subfield code="a">García Sabroso, María</subfield>
  </datafield>
  <datafield tag="242" ind1="0" ind2="0">
    <subfield code="a">Psychosocial impact of a mastectomy on woman with breast cancer.</subfield>
  </datafield>
  <datafield tag="245" ind1="0" ind2="0">
    <subfield code="a">Impacto psicosocial de una mastectomía en la mujer con cáncer de mama.</subfield>
  </datafield>
  <datafield tag="260" ind1=" " ind2=" ">
    <subfield code="a">Zaragoza</subfield>
    <subfield code="b">Universidad de Zaragoza</subfield>
    <subfield code="c">2023</subfield>
  </datafield>
  <datafield tag="506" ind1=" " ind2=" ">
    <subfield code="a">by-nc-sa</subfield>
    <subfield code="b">Creative Commons</subfield>
    <subfield code="c">3.0</subfield>
    <subfield code="u">http://creativecommons.org/licenses/by-nc-sa/3.0/</subfield>
  </datafield>
  <datafield tag="520" ind1=" " ind2=" ">
    <subfield code="a">Introducción:&lt;br />El cáncer de mama es el tumor maligno más frecuente y la primera causa de &lt;br />muerte por cáncer en el sexo femenino, mayoritariamente a partir de los 50 &lt;br />años. El síntoma más común es una tumoración indolora, firme e irregular, el &lt;br />cual se detecta de forma precoz con la realización de una mamografía. El &lt;br />tratamiento quirúrgico tiene dos modalidades: cirugía conservadora y &lt;br />mastectomía, en las cual se extirpa la mama. La cirugía se puede &lt;br />complementar con quimioterapia, radioterapia, terapia hormonal o biológica. &lt;br />Objetivo:&lt;br />Actualizar el conocimiento sobre el impacto psicosocial de una mastectomía en &lt;br />una mujer con cáncer de mama.&lt;br />Metodología:&lt;br />Se ha realizado una revisión bibliográfica a través de la búsqueda en Medline, &lt;br />Scopus y Web of Science, desde enero hasta marzo de 2023. Los operadores &lt;br />booleanos usados han sido “AND” y “OR”.&lt;br />Desarrollo: &lt;br />El impacto psicosocial de una mastectomía está influido por unos factores &lt;br />personales, clínicos y la posibilidad de reconstrucción. Una mastectomía &lt;br />cambia la imagen corporal de la mujer, provocando inseguridad, miedo, estrés, &lt;br />ansiedad y hasta depresión. Los programas de educación sanitaria y apoyo &lt;br />psicosocial dirigidos por enfermería son de gran ayuda.&lt;br />Conclusiones:&lt;br />Una mastectomía conlleva alteraciones psicosociales, en las que enfermería &lt;br />tiene un papel importante, para evitar una disminución de la calidad de vida.&lt;br />&lt;br /></subfield>
  </datafield>
  <datafield tag="521" ind1=" " ind2=" ">
    <subfield code="a">Graduado en Enfermería</subfield>
  </datafield>
  <datafield tag="540" ind1=" " ind2=" ">
    <subfield code="a">Derechos regulados por licencia Creative Commons</subfield>
  </datafield>
  <datafield tag="700" ind1=" " ind2=" ">
    <subfield code="a">Hijós Larraz, Luis Alfonso</subfield>
    <subfield code="e">dir.</subfield>
  </datafield>
  <datafield tag="710" ind1="2" ind2=" ">
    <subfield code="a">Universidad de Zaragoza</subfield>
    <subfield code="b"> </subfield>
    <subfield code="c"></subfield>
  </datafield>
  <datafield tag="856" ind1="0" ind2=" ">
    <subfield code="f">796282@unizar.es</subfield>
  </datafield>
  <datafield tag="856" ind1="4" ind2=" ">
    <subfield code="s">308247</subfield>
    <subfield code="u">http://zaguan.unizar.es/record/155312/files/TAZ-TFG-2023-364.pdf</subfield>
    <subfield code="y">Memoria (spa)</subfield>
  </datafield>
  <datafield tag="909" ind1="C" ind2="O">
    <subfield code="o">oai:zaguan.unizar.es:155312</subfield>
    <subfield code="p">driver</subfield>
    <subfield code="p">trabajos-fin-grado</subfield>
  </datafield>
  <datafield tag="950" ind1=" " ind2=" ">
    <subfield code="a"></subfield>
  </datafield>
  <datafield tag="980" ind1=" " ind2=" ">
    <subfield code="a">TAZ</subfield>
    <subfield code="b">TFG</subfield>
    <subfield code="c">ENFHUES</subfield>
  </datafield>
  <datafield tag="999" ind1=" " ind2=" ">
    <subfield code="a">20230413212943.CREATION_DATE</subfield>
  </datafield>
  <datafield tag="951" ind1=" " ind2=" ">
    <subfield code="a">deposita:2025-05-16</subfield>
  </datafield>
</record>
</collection>